000 00488nam a2200193Ia 4500
005 20250425161750.0
008 250425s9999 xx 000 0 und d
041 _aspa
082 _a636.08245
100 _aMOSS, JACK
245 0 _aMANUAL DE INSEMINACION ARTIFICIAL EN VACUNOS
250 _a1A ED.
260 _aEcuador
_bFUNDACION DESDE EL SURCO
_c1950
260 _aQUITO
300 _a76
650 _aINSEMINACION ARTIFICIAL-GANADO VACUNO
942 _c01
010 _a28228
999 _c215696
_d215696